000 01651nam0a22003251 4500
001 rc\3524348
005 20260406143029.0
021 _aRU
_b[74-72724]
035 _a(NLR Aleph) 007677689
090 _a6503784
_c6503784
100 _a20130115d1974 |||y0rusy50 ca
101 1 _arus
_cger
102 _aRU
105 _aag z |||||
200 1 _aСтатьи и материалы
_e[Пер. с нем.
_fРед.-сост., авт. коммент. Г.В. Крауклис и В.Г. Гамрат-Курек]
_gМос. гос. консерватория им. П.И. Чайковского. Кафедра истории зарубеж. музыки
210 _aМосква
_cМузыка
_d1974
215 _a199 с.
_cил., нот. ил.
_d21
327 0 _aРазделы: Статьи и материалы Рихарда Вагнера; Статьи о Рихарде Вагнере
464 0 _12001#$aСтатьи и материалы Рихарда Вагнера$aСтатьи о Рихарде Вагнере
_tСтатьи о Рихарде Вагнере
606 _aНемецкая музыка
_z19 в.
_2psbo
700 1 _8rus
_7ca
_aВагнер
_bР.
_cкомпозитор
_f1813-1883
_gРихард
_3RU\NLR\AUTH\773642
_9113635
702 1 _4340
_4220
_4212
_7ca
_8rus
_aКрауклис
_bГ. В.
_f1922-2011
_gГеоргий Вильгельмович
_9239827
_3RU\NLR\AUTH\770239883
702 1 _6z01790
_aГамрат-Курек
_bВ.Г.
_4340
_4220
_4212
790 1 _6z01702
_aКурек
_bВ.Г.
801 0 _aRU
_bNLR
_gpsbo
801 1 _aRU
_bELAR
_2rusmarc
852 _aNLR
_j74-3/3008
942 _cBOOK
980 _aNB